LEADER 01398nam a2200313 4500 001 000000363108 003 CaOOAMICUS 005 20250610114259.0 008 250610s2023 it 000 u ita r 020 $a978-88-552-2537-3 040 $aSeMil$bita 100 1 $aBoitani, Piero,$d<1947- >.$0(OLS)http://semarc/name/89232 245 10$aTimeo in Paradiso :$bmetafore e bellezza da Platone a Dante /$cPiero Boitani ; in appendice il testo del Timeo nella traduzione di Federico M. Petrucci. 264 1$aRoma :$bDonzelli,$c2023. 300 $aX, 296 p. ;$c22 cm 490 1 $aSaggi. Arti e lettere 501 $aTimeo / Platone 650 4$aPlatone . Timeo.$0(OLS)http://semarc/subject/1517 700 0 $aPlato,$d<427-347 a.C.>.$0(OLS)http://semarc/name/5353 700 1 $aPetrucci, Federico Maria,$d<1985- >.$0(OLS)http://semarc/name/117550 830 0$aSaggi. Arti e lettere.$0(OLS)http://semarc/title/20320 850 $aSeMil 852 $aSeMil$W1$xVenegono$y1$m2P II 999$j260039$B253981$CSeMilBibl$Z2$F253981 $81 900 0 $aPlatone. 996 $6020$a978-88-552-2537-3$9(OLS)http://semarc/number/303326 996 $6245$aTimeo in Paradiso :$bmetafore e bellezza da Platone a Dante$9(OLS)http://semarc/title/454228 996 $6264$aRoma :$bDonzelli$9(OLS)http://semarc/publisher/31453 LEADER 01061nam a2200265 i 4500 001 000000048788 003 CaOOAMICUS 005 20120607000000.0 008 120607s1948 xx u000 u fre u 013 $a19958 040 $aSeMil$bita 100 1 $aLacroix, Jean,$d<1900-1986>.$0(OLS)http://semarc/name/6536 245 10$aForce et faiblesses de la famille /$cJean Lacroix. 260 $aParis :$bÉditions du Seuil,$ccopyr. 1948. 300 $a190 p. ;$c19 cm. 490 0 $aEsprit 490 0 $aEsprit. La cité prochaine 500 $aIn appendice : La famille et e mouvement des idées. 650 4$aFamiglia - Studi.$0(OLS)http://semarc/subject/5647 830 0$aEsprit.$0(OLS)http://semarc/title/9271 830 0$aEsprit. La cité prochaine.$0(OLS)http://semarc/title/18487 850 $aSeMil 852 $aSeMil$W1$xVenegono$y1$m2E I 158$j14943$B14943$CSeMilBibl$Z2$F14943 $81 996 $6245$aForce et faiblesses de la famille$9(OLS)http://semarc/title/73887 996 $6260$aParis :$bÉditions du Seuil$9(OLS)http://semarc/publisher/29806